| 000 | 00573nam a22002057a 4500 | ||
|---|---|---|---|
| 003 | OSt | ||
| 005 | 20140310182941.0 | ||
| 008 | 130204t xxu||||| |||| 00| 0 eng d | ||
| 020 | _a971084900X | ||
| 050 |
_aPL6061 _b.Ar778 1991 |
||
| 082 |
_aF899.211 _b.P19 1991 |
||
| 245 |
_aPanitikang pilipino : _bpampanahong eletroniko / _cArrogante, Jose A...[et al.] |
||
| 260 |
_aManila : _bNational Book Store, _cc1991 |
||
| 300 |
_axxi, 563 p. _c22.3 cm. |
||
| 521 | _acollege students | ||
| 526 | _c1210L-1700L | ||
| 541 | _j1 | ||
| 562 | _e1 | ||
| 942 |
_2lcc _cBK _kFIL |
||
| 999 |
_c17724 _d17724 |
||